000 01448nab a22002417a 4500
005 20150715122753.0
008 150715b2014 ck |||||r|||| 00| 0 spa d
040 _aCO-BoIAVH
_cCO-BoIAVH
041 _aspa
044 _ack
100 1 _aGómez, Martín
_935832
245 1 _aLa independencia en la edición colombiana: ¿una fuente de valor añadido o un simple eslogan?
_cMartín Gómez
260 3 _aBogotá (Colombia):
_bBiblioteca Luis Ángel Arango,
_c2014.
300 _aAño 2014, Nro 86, Pags. 15-27
_bilustaciones, color.
520 _aEn términos del desarrollo de la industria editorial colombiana y de su oferta, la decisión de Carvajal de " desinvertir paulatinamente en las líneas de negocio que no atienden de manera directa el mercado del sector educación dejo una vacío en diversas áreas de la edición nacional que quedaron desatendidas como consecuencia del desmantelamiento de una porción significativa de las operaciones del Grupo Editorial Norma.
650 4 _aEdición de documentos
_935835
650 4 _aEdición de documentos
_zColombia
_935836
650 4 _aEdición de documentos
_vEditorial
_yColombia
_935837
650 4 _aEdición de documentos
_vTraducción
_zColombia
_935838
773 0 _dBogotá Biblioteca Luis Angel Arango. 1958 -
_o042078
_tBoletín cultural y bibliográfico BLAA
856 _uhttp://publicaciones.banrepcultural.org/index.php/boletin_cultural/article/view/4996
942 _2z
_cARTICULO
999 _c17594
_d17594